[Event "I Memorial Oliver Gonzalez Somoza"]
[Site "Madrid ESP"]
[Date "2010.10.10"]
[Round "2.11"]
[White "Lariño Nieto, David"]
[Black "Garcia Diaz, Victor Manuel"]
[Result "1-0"]
[WhiteElo "2451"]
[BlackElo "2108"]
[PlyCount "49"]
[EventDate "2010.10.09"]
[EventType "swiss"]
[EventRounds "9"]
[EventCountry "ESP"]
[Source "lmi"]
[SourceDate "2010.10.09"]

1. e4 a6 2. d4 e6 3. Be3 d5 4. Nd2 dxe4 5. Nxe4 Nf6 6. Nxf6+ Qxf6 7. Nf3 b6 8.
Bd3 Nd7 9. Qe2 Bd6 10. g3 O-O 11. h4 e5 12. O-O-O e4 13. Bxe4 Qe6 14. Bxh7+ Kh8
15. d5 Qe7 16. Qd3 Nc5 17. Bxc5 Bxc5 18. Rde1 Qf6 19. Be4 Bg4 20. Ng5 Qd4 21.
f3 Bd7 22. c3 Qa4 23. d6 Qxa2 24. Bd5 Qa1+ 25. Kc2 1-0

[Event "I Memorial Oliver Gonzalez Somoza"]
[Site "Madrid ESP"]
[Date "2010.10.10"]
[Round "2.12"]
[White "Labarta Gonzalez-Vallarino, Ivan"]
[Black "Barria Zuñiga, Daniel"]
[Result "0-1"]
[WhiteElo "2129"]
[BlackElo "2419"]
[PlyCount "104"]
[EventDate "2010.10.09"]
[EventType "swiss"]
[EventRounds "9"]
[EventCountry "ESP"]
[Source "lmi"]
[SourceDate "2010.10.09"]

1. e4 c5 2. c3 d5 3. exd5 Qxd5 4. d4 Nf6 5. Nf3 Bg4 6. Be2 e6 7. h3 Bh5 8. O-O
Nc6 9. Be3 cxd4 10. Nxd4 Bxe2 11. Qxe2 Be7 12. Rd1 O-O 13. c4 Nxd4 14. Bxd4 Qe4
15. Kf1 Rfc8 16. b3 Qxe2+ 17. Kxe2 Ne4 18. Nd2 Nd6 19. Rac1 f6 20. Bb2 Kf7 21.
Ba3 Nf5 22. Bxe7 Kxe7 23. Nf3 e5 24. Rd5 Rd8 25. Rcd1 Rxd5 26. Rxd5 Rc8 27. g4
Nd6 28. Ke3 Ke6 29. a4 b6 30. Nd2 h5 31. Kd3 hxg4 32. hxg4 Rc5 33. Rxd6+ Kxd6
34. Ne4+ Ke6 35. Nxc5+ bxc5 36. a5 g6 37. f3 f5 38. gxf5+ gxf5 39. Ke3 Kd6 40.
Kd3 Kc6 41. Kc3 Kb7 42. b4 cxb4+ 43. Kxb4 Kc6 44. c5 a6 45. Kc4 f4 46. Kd3 Kxc5
47. Ke4 Kd6 48. Kd3 Kd5 49. Ke2 Kc4 50. Kd2 Kd4 51. Ke2 Kc3 52. Ke1 Kd3 0-1

[Event "I Memorial Oliver Gonzalez Somoza"]
[Site "Madrid ESP"]
[Date "2010.10.10"]
[Round "2.13"]
[White "Pascual Palomo, Lucia"]
[Black "Anton Guijarro, David"]
[Result "0-1"]
[WhiteElo "2126"]
[BlackElo "2403"]
[PlyCount "104"]
[EventDate "2010.10.09"]
[EventType "swiss"]
[EventRounds "9"]
[EventCountry "ESP"]
[Source "lmi"]
[SourceDate "2010.10.09"]

1. e4 c5 2. Nf3 e6 3. d4 cxd4 4. Nxd4 a6 5. Bd3 Nf6 6. O-O Qc7 7. c4 d6 8. Nc3
Nbd7 9. b3 Be7 10. Bb2 b6 11. Kh1 Bb7 12. Bc2 h5 13. Qd2 h4 14. h3 Rc8 15. Rae1
Qb8 16. Ba3 Nc5 17. Re2 Kf8 18. Rfe1 Nh5 19. Qe3 Bf6 20. Rd2 Rh6 21. Bd1 Kg8
22. Bg4 Be5 23. Nde2 Nf6 24. Bxc5 dxc5 25. f4 Nxg4 26. hxg4 Bc7 27. g5 Rh5 28.
Qf3 g6 29. Red1 Bc6 30. Qh3 Bxf4 31. Nxf4 Qxf4 32. Ne2 Qxe4 33. Ng1 Rxg5 34.
Qc3 Re8 35. Nf3 Rg3 36. Rd8 h3 37. Rxe8+ Bxe8 38. Rd8 Qc6 39. gxh3 Qxf3+ 40.
Qxf3 Rxf3 41. Rxe8+ Kg7 42. Kg2 Rd3 43. Rb8 Rd6 44. Kg3 e5 45. Rb7 Kf6 46. Kf3
Ke6 47. Rb8 f6 48. h4 Kf5 49. Ke3 Kg4 50. a3 a5 51. Rg8 f5 52. Re8 e4 0-1

[Event "I Memorial Oliver Gonzalez Somoza"]
[Site "Madrid ESP"]
[Date "2010.10.10"]
[Round "2.15"]
[White "Montañes Arribas, Adrian"]
[Black "Candela Perez, Jose"]
[Result "0-1"]
[WhiteElo "2114"]
[BlackElo "2390"]
[PlyCount "84"]
[EventDate "2010.10.09"]
[EventType "swiss"]
[EventRounds "9"]
[EventCountry "ESP"]
[Source "lmi"]
[SourceDate "2010.10.09"]

1. e4 c5 2. Nf3 d6 3. d4 cxd4 4. Nxd4 Nf6 5. Nc3 a6 6. Be3 e6 7. f3 b5 8. Qd2
Bb7 9. g4 Nfd7 10. O-O-O Nb6 11. Bd3 N8d7 12. g5 Ne5 13. f4 Nec4 14. Qe2 Nxe3
15. Qxe3 Rc8 16. h4 Rxc3 17. bxc3 d5 18. e5 Ba3+ 19. Kd2 O-O 20. g6 hxg6 21. h5
Nc4+ 22. Bxc4 dxc4 23. Rh2 Qd5 24. Qh3 g5 25. h6 g6 26. h7+ Kh8 27. Qg3 Be7 28.
fxg5 b4 29. Qf4 Qd8 30. Ke2 Bxg5 31. Qg4 Bd5 32. Nc6 f5 33. Qg1 Qc7 34. Qxg5
Qxc6 35. Qxg6 Bf3+ 36. Kf1 Bxd1 37. Rd2 Qh1+ 38. Kf2 Qh4+ 39. Kf1 Qh1+ 40. Kf2
Bg4 41. Rd7 Qf3+ 42. Kg1 Qg3+ 0-1

[Event "I Memorial Oliver Gonzalez Somoza"]
[Site "Madrid ESP"]
[Date "2010.10.10"]
[Round "2.17"]
[White "Suarez Triguero, Jose Alfonso"]
[Black "Taboas Rodriguez, Daniel"]
[Result "0-1"]
[WhiteElo "2099"]
[BlackElo "2381"]
[PlyCount "74"]
[EventDate "2010.10.09"]
[EventType "swiss"]
[EventRounds "9"]
[EventCountry "ESP"]
[Source "lmi"]
[SourceDate "2010.10.09"]

1. e4 e6 2. d4 d5 3. exd5 exd5 4. Bd3 Nf6 5. Bg5 Be7 6. Nf3 O-O 7. O-O Bg4 8.
h3 Bh5 9. c3 Nbd7 10. Nbd2 c6 11. Re1 Re8 12. Qc2 Bg6 13. Bxg6 hxg6 14. Ne5
Nxe5 15. Rxe5 Bd6 16. Rxe8+ Qxe8 17. Bxf6 gxf6 18. Nf3 Qd7 19. Re1 Re8 20.
Rxe8+ Qxe8 21. Kf1 Kg7 22. Qe2 Qd7 23. Qd3 Qe6 24. b3 Bf4 25. c4 dxc4 26. bxc4
Qd7 27. Ne1 b5 28. Nc2 Bc7 29. Qb3 a5 30. a4 b4 31. c5 Bf4 32. Ke2 Kf8 33. Qc4
Qf5 34. g3 Qe4+ 35. Ne3 Bxe3 36. fxe3 Qg2+ 37. Kd3 Qf1+ 0-1

[Event "I Memorial Oliver Gonzalez Somoza"]
[Site "Madrid ESP"]
[Date "2010.10.10"]
[Round "2.19"]
[White "Aziz Ortego, Omar Luis"]
[Black "Rubio Mejia, Luis Ignacio"]
[Result "0-1"]
[WhiteElo "2080"]
[BlackElo "2373"]
[PlyCount "142"]
[EventDate "2010.10.09"]
[EventType "swiss"]
[EventRounds "9"]
[EventCountry "ESP"]
[Source "lmi"]
[SourceDate "2010.10.09"]

1. e4 c5 2. Nf3 d6 3. d4 cxd4 4. Nxd4 Nf6 5. Nc3 a6 6. Bg5 e6 7. Bc4 Nbd7 8. a4
Qa5 9. Qd2 Be7 10. O-O h6 11. Be3 Ne5 12. Bb3 Neg4 13. h3 Nxe3 14. Qxe3 O-O 15.
f4 e5 16. Nf5 Bxf5 17. exf5 d5 18. Qe2 Bc5+ 19. Kh1 exf4 20. Nxd5 Nxd5 21. Bxd5
Be3 22. c4 Qb6 23. Qg4 a5 24. Rad1 Ra6 25. g3 Qxb2 26. Rb1 Qf6 27. Rxb7 Kh8 28.
gxf4 Rb6 29. Rxb6 Bxb6 30. Re1 Bc5 31. Kh2 Rb8 32. Re2 Bd6 33. Kg2 Rb2 34. Qf3
Bxf4 35. Rxb2 Qxb2+ 36. Qf2 Qe5 37. Qc5 h5 38. Kf3 Bg5 39. Qf2 Qxf5+ 40. Kg2
Bf4 41. Qe2 g6 42. Qe4 Qg5+ 43. Kf1 Kg7 44. c5 Qf6 45. c6 Bd6+ 46. Ke2 Qb2+ 47.
Kf1 Qc3 48. Qf3 Qc1+ 49. Kg2 Qd2+ 50. Kf1 f6 51. Bb3 Be5 52. Bd1 Qd4 53. Bb3
Kh6 54. Bc2 f5 55. Bd1 Kg7 56. Bb3 Kf6 57. Bd1 Ke7 58. Be2 Qxa4 59. Qd5 Qf4+
60. Bf3 Bd6 61. Qb3 a4 62. Qb7+ Kf6 63. c7 Bxc7 64. Qc6+ Bd6 65. Qc3+ Be5 66.
Qc6+ Kg7 67. Ke2 Kh6 68. Bd5 Qh2+ 69. Bg2 Qg3 70. Qc1+ Bf4 71. Qc6 Qe3+ 0-1

[Event "I Memorial Oliver Gonzalez Somoza"]
[Site "Madrid ESP"]
[Date "2010.10.10"]
[Round "2.20"]
[White "Gemy, Jose Daniel"]
[Black "Cabañas Bravo, Juan Andres"]
[Result "1-0"]
[WhiteElo "2325"]
[BlackElo "2049"]
[PlyCount "95"]
[EventDate "2010.10.09"]
[EventType "swiss"]
[EventRounds "9"]
[EventCountry "ESP"]
[Source "lmi"]
[SourceDate "2010.10.09"]

1. Nf3 Nf6 2. d4 g6 3. g3 Bg7 4. Bg2 O-O 5. O-O d5 6. b4 a5 7. b5 a4 8. Na3 Ne4
9. Bb2 Qd6 10. Ne5 c5 11. Bxe4 cxd4 12. Qxd4 Bxe5 13. Qxe5 Qxe5 14. Bxe5 dxe4
15. Rfd1 Be6 16. Rd4 e3 17. Rad1 exf2+ 18. Kxf2 f6 19. Bc7 Rc8 20. Rd8+ Kf7 21.
Rxc8 Bxc8 22. Rd8 Nd7 23. Nc4 h5 24. a3 g5 25. Nb6 Nxb6 26. Bxb6 Ke6 27. c4 Kf5
28. Ke3 Kg4 29. Rh8 e5 30. c5 f5 31. Bc7 f4+ 32. Kf2 fxg3+ 33. hxg3 Kf5 34. Re8
e4 35. Ke3 h4 36. gxh4 gxh4 37. b6 h3 38. Bh2 Kf6 39. Rh8 Kg7 40. Rd8 Kf6 41.
c6 bxc6 42. Rxc8 Rxc8 43. b7 Re8 44. b8=Q Rxb8 45. Bxb8 Kf5 46. Kd4 Ke6 47.
Kxe4 c5 48. Bh2 1-0

[Event "I Memorial Oliver Gonzalez Somoza"]
[Site "Madrid ESP"]
[Date "2010.10.10"]
[Round "2.21"]
[White "Dominguez Carmona, Miguel"]
[Black "Perez Gonzalez, Jose Manuel"]
[Result "1/2-1/2"]
[WhiteElo "2066"]
[BlackElo "2318"]
[PlyCount "73"]
[EventDate "2010.10.09"]
[EventType "swiss"]
[EventRounds "9"]
[EventCountry "ESP"]
[Source "lmi"]
[SourceDate "2010.10.09"]

1. d4 Nf6 2. c4 c5 3. Nf3 g6 4. Nc3 cxd4 5. Nxd4 Nc6 6. e4 d6 7. Be3 Bg7 8. Be2
O-O 9. O-O Bd7 10. Qd2 Nxd4 11. Bxd4 Bc6 12. Bf3 a5 13. Nd5 Bxd5 14. cxd5 Nd7
15. Be2 a4 16. b4 axb3 17. axb3 Rxa1 18. Rxa1 Nc5 19. Bxg7 Kxg7 20. Qe3 Qb6 21.
Qd4+ f6 22. b4 Nd7 23. Qxb6 Nxb6 24. Rc1 f5 25. f3 Rc8 26. Rxc8 Nxc8 27. Kf2
fxe4 28. fxe4 Kf6 29. Ke3 Ke5 30. h4 Nb6 31. Bb5 h6 32. g3 g5 33. hxg5 hxg5 34.
Kd3 Na8 35. Bd7 Nb6 36. Bb5 Na8 37. Bd7 1/2-1/2

[Event "I Memorial Oliver Gonzalez Somoza"]
[Site "Madrid ESP"]
[Date "2010.10.10"]
[Round "2.22"]
[White "Piasetski, Leon"]
[Black "Madurga Lopez, Ignacio"]
[Result "1/2-1/2"]
[WhiteElo "2303"]
[BlackElo "2010"]
[PlyCount "49"]
[EventDate "2010.10.09"]
[EventType "swiss"]
[EventRounds "9"]
[EventCountry "ESP"]
[Source "lmi"]
[SourceDate "2010.10.09"]

1. Nf3 Nf6 2. c4 g6 3. Nc3 Bg7 4. e4 d6 5. d4 O-O 6. h3 e5 7. d5 Na6 8. Be3 Nc5
9. Nd2 a5 10. g4 h5 11. Be2 h4 12. Bg5 Qe8 13. Bxh4 Nh7 14. Qc2 f5 15. O-O-O f4
16. f3 c6 17. Bf2 Bd7 18. Nb3 Nxb3+ 19. Qxb3 a4 20. Qc2 c5 21. h4 Bf6 22. Nb5
Bxb5 23. cxb5 b6 24. Rd3 Qxb5 25. g5 1/2-1/2

[Event "I Memorial Oliver Gonzalez Somoza"]
[Site "Madrid ESP"]
[Date "2010.10.10"]
[Round "2.23"]
[White "Rios Parra, Alejandro"]
[Black "Tirado Parra, Alberto"]
[Result "1-0"]
[WhiteElo "2299"]
[BlackElo "1951"]
[PlyCount "65"]
[EventDate "2010.10.09"]
[EventType "swiss"]
[EventRounds "9"]
[EventCountry "ESP"]
[Source "lmi"]
[SourceDate "2010.10.09"]

1. e4 e5 2. Nf3 d6 3. Bc4 Nd7 4. c3 Be7 5. d3 Ngf6 6. Nbd2 O-O 7. Nf1 c6 8. Bb3
d5 9. Qe2 Qc7 10. h3 Re8 11. g4 Nc5 12. Bc2 b6 13. Ng3 Ba6 14. c4 dxc4 15. dxc4
Ne6 16. O-O g6 17. Rd1 Rad8 18. Rxd8 Rxd8 19. b3 Bc5 20. Bb2 Nd7 21. Rd1 f6 22.
a3 Nf4 23. Qf1 Nf8 24. b4 Rxd1 25. Bxd1 Bxf2+ 26. Kxf2 Qd7 27. Bc2 N8e6 28. Kg1
Kg7 29. g5 Bxc4 30. gxf6+ Kh6 31. Qxc4 Nxh3+ 32. Kf1 Nef4 33. Nxe5 1-0

[Event "I Memorial Oliver Gonzalez Somoza"]
[Site "Madrid ESP"]
[Date "2010.10.10"]
[Round "2.24"]
[White "Madina Yadarola, Martin"]
[Black "Camarero Izquierdo, Juan Carlos"]
[Result "1-0"]
[WhiteElo "2254"]
[BlackElo "1941"]
[PlyCount "38"]
[EventDate "2010.10.09"]
[EventType "swiss"]
[EventRounds "9"]
[EventCountry "ESP"]
[Source "lmi"]
[SourceDate "2010.10.09"]

1. e4 c5 2. Nf3 d6 3. d4 cxd4 4. Nxd4 Nf6 5. f3 g6 6. c4 Bg7 7. Nc3 O-O 8. Be3
Nc6 9. Qd2 Bd7 10. Nc2 Rc8 11. Be2 Qa5 12. O-O Qh5 13. Nd5 b6 14. Bg5 h6 15.
Bxf6 exf6 16. Nce3 Qe5 17. Rad1 f5 18. exf5 Bxf5 19. Nxf5 gxf5 1-0

[Event "I Memorial Oliver Gonzalez Somoza"]
[Site "Madrid ESP"]
[Date "2010.10.10"]
[Round "2.27"]
[White "Marcos Herrero, Francisco"]
[Black "Paredes Sanchez, Juan"]
[Result "1/2-1/2"]
[WhiteElo "1880"]
[BlackElo "2206"]
[PlyCount "80"]
[EventDate "2010.10.09"]
[EventType "swiss"]
[EventRounds "9"]
[EventCountry "ESP"]
[Source "lmi"]
[SourceDate "2010.10.09"]

1. Nf3 Nf6 2. g3 g6 3. Bg2 Bg7 4. O-O O-O 5. d4 d6 6. Nc3 Nbd7 7. e4 e5 8. dxe5
dxe5 9. Qe2 c6 10. Rd1 Qe7 11. a4 Qb4 12. Ra3 Re8 13. Be3 Nxe4 14. Nxe4 Qxe4
15. Rad3 Qc4 16. b3 Qa6 17. Qd2 Nf8 18. Rd8 Bg4 19. Rxa8 Rxa8 20. h3 Bf5 21. g4
Be6 22. Ng5 Rc8 23. Ne4 Nd7 24. Nd6 Rb8 25. Bf1 b5 26. axb5 cxb5 27. Nxb5 Qb7
28. Qa5 Qf3 29. Nc3 e4 30. Qxa7 Bxc3 31. Rxd7 Re8 32. Rc7 Be5 33. Qa4 Rd8 34.
Ra7 Rd1 35. Qb5 Bd6 36. Bh6 Bh2+ 37. Kxh2 Qxf2+ 38. Bg2 Qg1+ 39. Kg3 Qe1+ 40.
Kh2 Qg1+ 1/2-1/2

[Event "I Memorial Oliver Gonzalez Somoza"]
[Site "Madrid ESP"]
[Date "2010.10.10"]
[Round "2.29"]
[White "Fedorchuk, Sergey A"]
[Black "Nuñez Alonso, Juan"]
[Result "1-0"]
[WhiteElo "2671"]
[BlackElo "1666"]
[PlyCount "43"]
[EventDate "2010.10.09"]
[EventType "swiss"]
[EventRounds "9"]
[EventCountry "ESP"]
[Source "lmi"]
[SourceDate "2010.10.09"]

1. e4 e5 2. Nf3 Nf6 3. Nxe5 d6 4. Nf3 Nxe4 5. Nc3 Nxc3 6. dxc3 Be7 7. Be3 Nd7
8. Qd2 O-O 9. O-O-O Nc5 10. Bc4 Be6 11. Bxe6 Nxe6 12. h4 Bf6 13. g4 Qd7 14. g5
Be7 15. h5 f5 16. g6 f4 17. gxh7+ Kxh7 18. Qd3+ Kg8 19. h6 Bf6 20. hxg7 Bxg7
21. Qh7+ Kf7 22. Ne5+ 1-0

[Event "I Memorial Oliver Gonzalez Somoza"]
[Site "Madrid ESP"]
[Date "2010.10.10"]
[Round "2.30"]
[White "Calderon Rojo, Daniel"]
[Black "Strikovic, Aleksa"]
[Result "0-1"]
[WhiteElo "1743"]
[BlackElo "2560"]
[PlyCount "46"]
[EventDate "2010.10.09"]
[EventType "swiss"]
[EventRounds "9"]
[EventCountry "ESP"]
[Source "lmi"]
[SourceDate "2010.10.09"]

1. c4 e5 2. d3 Nf6 3. Nc3 Bb4 4. Bd2 Nc6 5. Nf3 d5 6. cxd5 Nxd5 7. g3 f5 8. Qc2
Nd4 9. Nxd4 exd4 10. Nb5 Bxd2+ 11. Qxd2 c5 12. Rc1 b6 13. Bg2 O-O 14. O-O Be6
15. e3 Qd7 16. Na3 dxe3 17. fxe3 Rad8 18. Rfd1 Nb4 19. b3 Qxd3 20. Qf2 Qxd1+
21. Rxd1 Rxd1+ 22. Bf1 f4 23. exf4 Bh3 0-1

[Event "I Memorial Oliver Gonzalez Somoza"]
[Site "Madrid ESP"]
[Date "2010.10.10"]
[Round "2.33"]
[White "Diaz Begonte, Manuel"]
[Black "Alcazar Jimenez, Jesus Alberto"]
[Result "0-1"]
[WhiteElo "1789"]
[BlackElo "2289"]
[PlyCount "44"]
[EventDate "2010.10.09"]
[EventType "swiss"]
[EventRounds "9"]
[EventCountry "ESP"]
[Source "lmi"]
[SourceDate "2010.10.09"]

1. e4 e5 2. d4 exd4 3. f4 d5 4. e5 c5 5. Nf3 Nc6 6. b3 h5 7. Bd3 Nh6 8. O-O Nf5
9. Qe2 Be7 10. c3 h4 11. Bxf5 Bxf5 12. cxd4 cxd4 13. Ba3 h3 14. g3 d3 15. Qf2
Nb4 16. Nbd2 Qa5 17. Bb2 Nc2 18. Rab1 Bc5 19. Bd4 Nxd4 20. Nxd4 Bxd4 21. Qxd4
Qxd2 22. Qxd5 Qg2+ 0-1

[Event "I Memorial Oliver Gonzalez Somoza"]
[Site "Madrid ESP"]
[Date "2010.10.10"]
[Round "2.34"]
[White "Hernandez Mateo, Borja"]
[Black "Ballesteros Gonzalez, David"]
[Result "0-1"]
[WhiteElo "1617"]
[BlackElo "2196"]
[PlyCount "114"]
[EventDate "2010.10.09"]
[EventType "swiss"]
[EventRounds "9"]
[EventCountry "ESP"]
[Source "lmi"]
[SourceDate "2010.10.09"]

1. e4 c5 2. Nf3 d6 3. d4 cxd4 4. Nxd4 Nf6 5. Nc3 a6 6. Be2 g6 7. Be3 Bg7 8. Qd2
O-O 9. O-O-O Nbd7 10. h4 Nc5 11. f3 h5 12. Bh6 b5 13. Bxg7 Kxg7 14. Qg5 b4 15.
Nd5 Nxd5 16. exd5 Bd7 17. g4 Rh8 18. Rdg1 hxg4 19. fxg4 e5 20. Qxd8 Raxd8 21.
Nb3 Nxb3+ 22. axb3 a5 23. h5 Rc8 24. Kb1 Rc5 25. Rf1 Bb5 26. Bxb5 Rxb5 27. Rd1
Rc5 28. Rd2 f5 29. gxf5 Rxh5 30. Rxh5 gxh5 31. Rh2 Kh6 32. Rf2 Kg7 33. Rh2 Rxd5
34. Rxh5 Kf6 35. Kc1 e4 36. Rh4 Kxf5 37. Rh5+ Ke6 38. Rh6+ Ke5 39. Rh5+ Kd4 40.
c3+ Kc5 41. Rh4 Re5 42. Kd2 d5 43. Ke3 Rg5 44. Rh2 Rg3+ 45. Kd2 Rg1 46. Re2
bxc3+ 47. bxc3 Ra1 48. Re1 Rxe1 49. Kxe1 d4 50. Kd2 Kd5 51. Kc2 Ke5 52. Kd2
dxc3+ 53. Kxc3 Kf4 54. Kc4 e3 55. Kb5 e2 56. Kxa5 e1=Q+ 57. Kb5 Ke5 0-1

[Event "I Memorial Oliver Gonzalez Somoza"]
[Site "Madrid ESP"]
[Date "2010.10.10"]
[Round "2.38"]
[White "Calderon Martin, Antonio"]
[Black "Collado Barbas, Laura"]
[Result "0-1"]
[WhiteElo "1745"]
[BlackElo "2058"]
[PlyCount "53"]
[EventDate "2010.10.09"]
[EventType "swiss"]
[EventRounds "9"]
[EventCountry "ESP"]
[Source "lmi"]
[SourceDate "2010.10.09"]

1. e4 e6 2. d4 d5 3. exd5 exd5 4. c4 Bb4+ 5. Nc3 Nf6 6. Nf3 O-O 7. Be2 dxc4 8.
O-O Bg4 9. Bg5 Be7 10. Bxc4 c6 11. Re1 Nbd7 12. d5 Nxd5 13. Bxe7 Nxe7 14. Qd6
Ng6 15. Qg3 Bxf3 16. Qxf3 Nde5 17. Qe4 Qg5 18. Bf1 Rae8 19. Kh1 Qf4 20. Rad1
Qxf2 21. Re2 Qf6 22. Qb4 Nd3 23. Qxb7 Nf2+ 24. Rxf2 Qxf2 25. Qxc6 Ne5 26. Qb7
Ng4 27. Bb5 0-1

[Event "I Memorial Oliver Gonzalez Somoza"]
[Site "Madrid ESP"]
[Date "2010.10.10"]
[Round "2.45"]
[White "Perez Mitjans, Orelvis"]
[Black "Merino Araguas, Jose Javier"]
[Result "1-0"]
[WhiteElo "2445"]
[BlackElo "1834"]
[PlyCount "53"]
[EventDate "2010.10.09"]
[EventType "swiss"]
[EventRounds "9"]
[EventCountry "ESP"]
[Source "lmi"]
[SourceDate "2010.10.09"]

1. e4 e6 2. d4 d5 3. e5 c5 4. c3 Nc6 5. Nf3 Bd7 6. Bd3 cxd4 7. cxd4 Qb6 8. Nc3
Nxd4 9. Nxd4 Qxd4 10. O-O a6 11. Qf3 Ne7 12. Rd1 Qxe5 13. Bf4 Qf6 14. Re1 Bc6
15. Qg3 Ng6 16. Bg5 Qd4 17. Rad1 Qc5 18. Qh3 Ne7 19. Qg4 Ng6 20. Bxg6 hxg6 21.
Rxe6+ fxe6 22. Qxe6+ Be7 23. Re1 Rf8 24. Qxg6+ Kd7 25. Rxe7+ Kc8 26. Qe6+ Kb8
27. Qe5+ 1-0

[Event "I Memorial Oliver Gonzalez Somoza"]
[Site "Madrid ESP"]
[Date "2010.10.10"]
[Round "2.46"]
[White "Gonzalez Perez, Arian"]
[Black "Suarez Prieto, Leopoldo"]
[Result "1-0"]
[WhiteElo "2410"]
[BlackElo "1815"]
[PlyCount "55"]
[EventDate "2010.10.09"]
[EventType "swiss"]
[EventRounds "9"]
[EventCountry "ESP"]
[Source "lmi"]
[SourceDate "2010.10.09"]

1. e4 e5 2. Nf3 Nc6 3. Bb5 Bc5 4. c3 Qe7 5. O-O f6 6. d4 Bb6 7. a4 a6 8. Bc4
Nd8 9. Qb3 Nh6 10. Bxh6 gxh6 11. Nbd2 d6 12. a5 Ba7 13. Nh4 exd4 14. Nf5 Bxf5
15. exf5 Kf8 16. Rfe1 Qg7 17. Re2 Rb8 18. Rae1 Nf7 19. Qxb7 Ne5 20. Qxa7 Rd8
21. cxd4 Nxc4 22. Nxc4 Rg8 23. g3 Qd7 24. Re6 Rg5 25. Rxf6+ Kg7 26. Rxd6 Qc8
27. Re7+ Kh8 28. Rxc7 1-0

[Event "I Memorial Oliver Gonzalez Somoza"]
[Site "Madrid ESP"]
[Date "2010.10.10"]
[Round "2.48"]
[White "Garcia Galeote, Lorenzo"]
[Black "Tolosana Esteban, Enrique"]
[Result "0-1"]
[WhiteElo "2040"]
[BlackElo "1772"]
[PlyCount "60"]
[EventDate "2010.10.09"]
[EventType "swiss"]
[EventRounds "9"]
[EventCountry "ESP"]
[Source "lmi"]
[SourceDate "2010.10.09"]

1. Nf3 Nf6 2. g3 g6 3. Bg2 Bg7 4. O-O O-O 5. d3 d6 6. e4 c5 7. c3 e5 8. Na3 a6
9. Qe2 b5 10. Nc2 Bb7 11. a4 Qb6 12. axb5 axb5 13. Rxa8 Bxa8 14. h3 Nfd7 15.
Be3 Qb7 16. Ra1 Nc6 17. d4 Ne7 18. Ra5 cxd4 19. cxd4 Qc7 20. b4 Bxe4 21. Na3
Qc3 22. Nxb5 Qxb4 23. Bd2 Qb1+ 24. Kh2 Bd3 25. Qe1 Qb3 26. Nxd6 Nc6 27. Ra1 e4
28. Ng5 Nxd4 29. Ra7 Ne5 30. Ngxe4 Nef3+ 0-1

[Event "I Memorial Oliver Gonzalez Somoza"]
[Site "Madrid ESP"]
[Date "2010.10.10"]
[Round "2.49"]
[White "Galan Aguado, Fernando"]
[Black "Gomez Gonzalez, Javier"]
[Result "0-1"]
[WhiteElo "1823"]
[BlackElo "2016"]
[PlyCount "118"]
[EventDate "2010.10.09"]
[EventType "swiss"]
[EventRounds "9"]
[EventCountry "ESP"]
[Source "lmi"]
[SourceDate "2010.10.09"]

1. d4 Nf6 2. Nf3 b6 3. e3 Bb7 4. Nbd2 e6 5. Bd3 Be7 6. O-O O-O 7. b3 d5 8. Bb2
Ne4 9. c4 Nd7 10. Qc2 Ndf6 11. Rac1 Rc8 12. Ne5 c5 13. f4 Nxd2 14. Qxd2 dxc4
15. bxc4 Ne4 16. Qc2 f5 17. Rcd1 Qe8 18. Qe2 Rf6 19. Bb1 Rd8 20. Rd3 Bd6 21.
Nf3 Rf8 22. Rfd1 Qe7 23. Ne5 a5 24. a3 Ba6 25. Rb3 Qc7 26. Bxe4 fxe4 27. Rc3
cxd4 28. Rxd4 Bxe5 29. Rxd8 Rxd8 30. fxe5 Qxe5 31. Rc2 Qg5 32. Bd4 Rd6 33. Qf2
e5 34. Bc3 Bxc4 35. Rc1 Qd8 36. h4 Rf6 37. Qg3 Qd3 38. Bxe5 Rg6 39. Qf2 b5 40.
h5 Re6 41. Bd4 Qxa3 42. Ra1 Qf8 43. Qxf8+ Kxf8 44. Rxa5 g6 45. Ra8+ Kf7 46. Rh8
gxh5 47. Rxh7+ Kg6 48. Rg7+ Kf5 49. Kf2 Rh6 50. g3 Ke6 51. Rg5 Bd3 52. Ke1 Rh7
53. Kd2 b4 54. Ra5 h4 55. gxh4 Rxh4 56. Bc5 Rh2+ 57. Kc1 Rc2+ 58. Kd1 b3 59.
Bd4 b2 0-1

[Event "I Memorial Oliver Gonzalez Somoza"]
[Site "Madrid ESP"]
[Date "2010.10.10"]
[Round "2.50"]
[White "Vargas Huamani, Juan C"]
[Black "Fernandez Gil, Ruben Carlos"]
[Result "1/2-1/2"]
[WhiteElo "2013"]
[BlackElo "1719"]
[PlyCount "120"]
[EventDate "2010.10.09"]
[EventType "swiss"]
[EventRounds "9"]
[EventCountry "ESP"]
[Source "lmi"]
[SourceDate "2010.10.09"]

1. e4 e6 2. d4 d5 3. Nd2 Nf6 4. e5 Nfd7 5. Bd3 c5 6. c3 Nc6 7. Ne2 cxd4 8. cxd4
f6 9. exf6 Nxf6 10. O-O Bd6 11. Nf3 O-O 12. Bf4 Bxf4 13. Nxf4 Ne4 14. Nh5 g6
15. Ng3 Ng5 16. Nxg5 Qxg5 17. Bb5 Bd7 18. Rc1 a6 19. Ba4 Rac8 20. Ne2 b5 21.
Bc2 Ne7 22. a3 Nf5 23. Bxf5 Qxf5 24. Qd2 Kg7 25. Rxc8 Rxc8 26. Rc1 Rxc1+ 27.
Nxc1 e5 28. dxe5 Qxe5 29. Nb3 Qe4 30. Qd4+ Qxd4 31. Nxd4 Kf6 32. f4 h5 33. Kf2
a5 34. b4 axb4 35. axb4 Ke7 36. Ke3 Kd6 37. Nb3 Bf5 38. Kd4 Bd7 39. Nc1 Bc6 40.
Nd3 Bd7 41. Ne5 Bf5 42. Nf3 Be4 43. Nh4 Bb1 44. h3 Bc2 45. g3 Be4 46. g4 hxg4
47. hxg4 Ke6 48. Kc5 Kf6 49. g5+ Ke6 50. Kxb5 d4 51. Kc4 d3 52. Kc3 Kd5 53. f5
gxf5 54. g6 Ke6 55. b5 f4 56. b6 f3 57. b7 Bxb7 58. Kxd3 f2 59. Ke2 Kf6 60.
Kxf2 Be4 1/2-1/2

[Event "I Memorial Oliver Gonzalez Somoza"]
[Site "Madrid ESP"]
[Date "2010.10.10"]
[Round "2.51"]
[White "Morona Minguez, Irene"]
[Black "Rives Higueras, Alan"]
[Result "1-0"]
[WhiteElo "1815"]
[BlackElo "2012"]
[PlyCount "81"]
[EventDate "2010.10.09"]
[EventType "swiss"]
[EventRounds "9"]
[EventCountry "ESP"]
[Source "lmi"]
[SourceDate "2010.10.09"]

1. e4 e5 2. Nf3 Nf6 3. d4 exd4 4. e5 Ne4 5. Qxd4 d5 6. exd6 Nxd6 7. Nc3 Nc6 8.
Qf4 f6 9. Bd3 Be6 10. Bd2 Qd7 11. O-O-O O-O-O 12. Rhe1 Qf7 13. a3 Kb8 14. Qa4
Be7 15. Be3 g5 16. Nb5 Nc8 17. Re2 Rxd3 18. Rxd3 Bc4 19. Red2 Bxd3 20. Rxd3 a6
21. Nc3 Rd8 22. Rxd8 Bxd8 23. Nd4 Nxd4 24. Qxd4 Be7 25. Qd7 Qc4 26. Nd5 Bd6 27.
Nxf6 Qf1+ 28. Kd2 Qxg2 29. Qxh7 b6 30. h3 Kb7 31. Qe4+ Qxe4 32. Nxe4 Be5 33. c3
Ne7 34. Bxg5 Nf5 35. h4 Ng7 36. f4 Bd6 37. Nxd6+ cxd6 38. Kd3 Kc6 39. f5 Nxf5
40. h5 d5 41. h6 1-0

[Event "I Memorial Oliver Gonzalez Somoza"]
[Site "Madrid ESP"]
[Date "2010.10.10"]
[Round "2.52"]
[White "De La Orden Alcocer, Alejandro"]
[Black "Garcia Martin, Juan Manuel"]
[Result "1/2-1/2"]
[WhiteElo "1798"]
[BlackElo "2009"]
[PlyCount "39"]
[EventDate "2010.10.09"]
[EventType "swiss"]
[EventRounds "9"]
[EventCountry "ESP"]
[Source "lmi"]
[SourceDate "2010.10.09"]

1. d4 Nf6 2. c4 e5 3. dxe5 Ng4 4. Nf3 Bc5 5. e3 Nc6 6. a3 Ngxe5 7. Nxe5 Nxe5 8.
Qd5 d6 9. b4 c6 10. Qe4 f5 11. Qf4 Ng6 12. Qf3 Bb6 13. Bb2 O-O 14. Nd2 f4 15.
e4 Ne5 16. Bxe5 dxe5 17. c5 Bc7 18. Bc4+ Kh8 19. Rd1 Qg5 20. h3 1/2-1/2